National survey on the incidence of bounded labour (Record no. 434423)

000 -LEADER
fixed length control field 00321cam a22001097a 4500
008 - FIXED-LENGTH DATA ELEMENTS--GENERAL INFORMATION
fixed length control field 180718b1978 xxu||||| |||| 00| 0 eng d
082 ## - DEWEY DECIMAL CLASSIFICATION NUMBER
Classification number R153x54 G151
245 ## - TITLE STATEMENT
Title National survey on the incidence of bounded labour
260 ## - PUBLICATION, DISTRIBUTION, ETC.
Place of publication, distribution, etc. New Delhi
Name of publisher, distributor, etc. Gandhi Peace Foundation
Date of publication, distribution, etc. 1978
300 ## - PHYSICAL DESCRIPTION
Extent 93p.
650 ## - SUBJECT ADDED ENTRY--TOPICAL TERM
Topical term or geographic name entry element Survey-Bounded labour
Holdings
Withdrawn status Lost status Damaged status Not for loan Permanent Location Current Location Date acquired Full call number Barcode Date last seen Price effective from Koha item type
        Indian Institute of Public Administration Indian Institute of Public Administration 2010-02-15 R153x54 G151 55015 2018-07-21 2018-07-21 Book

Powered by Koha